000 00414nam a22001337a 4500
008 140131b xxu||||| |||| 00| 0 eng d
050 _aBx2182.2.C73 1982
100 _aCrews, Clyde F.
_97511
245 _aFundamental Things Apply
_breflecting on Christian basics
_cClyde F. Crews
260 _aIndiana
_bAve maria Press
_c1983
300 _a104p. ;
_c21cm.
650 _aMeditations
_97512
942 _2lcc
_cMONOGRAPH
999 _c119825
_d119825